| 000 | 00575nam a2200169 a 4500 | ||
|---|---|---|---|
| 005 | 20140414132111.0 | ||
| 008 | 110513s19uu xx 00 eng d | ||
| 050 |
_aTR _bIW3 2000 |
||
| 100 | _aChild, Lauren. | ||
| 245 |
_aI will never not ever eat a tomato / _cLauren Child. |
||
| 250 | _a1st U.S. ed. | ||
| 260 |
_aNew York : _bScholastic , _c2000. |
||
| 520 | _aA fussy eater decides to sample the carrots after her brother convinces her that they are really orange twiglets from Jupiter. | ||
| 650 | _aFood habits | ||
| 650 | _aBrothers and sisters | ||
| 999 |
_c114744 _d114744 |
||